El derecho a la autonomía alimentaria de los pueblos indígenas en México : una propuesta interdisciplinaria a partir del derecho a la alimentación y la libre determinación /

Bibliographic Details
Main Author: Fernández Molina, María Victoria (Author)
Format: Electronic eBook
Language:Spanish
Published: Bilbao : Publicaciones de la Universidad de Deusto, 2020.
Series:Cuadernos Deusto de derechos humanos ; núm. 95.
Subjects:
Online Access:Digitalia Hispánica

MARC

LEADER 00000nam a2200000Ii 4500
001 DIGDEU0224
003 NyNyDIG
006 m o d
007 cr |||||||||||
008 241203s2020 sp ob 000 0 spa d
035 |a (OCoLC)1475657925 
040 |a DGITA  |b eng  |e rda  |e pn  |c DGITA 
020 |z 9788413251158 
043 |a n-mx--- 
050 1 4 |a F1219.3.F64 ebook 
100 1 |a Fernández Molina, María Victoria,  |e author. 
245 1 3 |a El derecho a la autonomía alimentaria de los pueblos indígenas en México :  |b una propuesta interdisciplinaria a partir del derecho a la alimentación y la libre determinación /  |c María Victoria Fernández Molina. 
264 1 |a Bilbao :  |b Publicaciones de la Universidad de Deusto,  |c 2020. 
300 |a 1 online resource. 
336 |a text  |b txt  |2 rdacontent 
337 |a computer  |b c  |2 rdamedia 
338 |a online resource  |b cr  |2 rdacarrier 
347 |a text file  |2 rdaft 
347 |b PDF 
500 |a "DeustoDigital, Instituto de Derechos Humanos, Pedro Arrupe, Giza Eskubideen Institutua"--Cover. 
490 1 |a Cuadernos Deusto de derechos humanos ;  |v núm. 95 
504 |a Includes bibliographical references. 
588 0 |a Online resource; title from PDF title page (Digitalia, viewed December 3, 2024) 
650 0 |a Indians of Mexico  |z Mexico  |x Food. 
650 0 |a Food law and legislation  |z Mexico. 
791 2 |a Digitalia (Firm),  |e distributor. 
793 0 |g Digitalia eBook Collection:  |a Universidad de Deusto 
776 0 8 |i Print version:  |a Fernández Molina, María Victoria.  |t Derecho a la autonomía alimentaria de los pueblos indígenas en México.  |d Bilbao : Publicaciones de la Universidad de Deusto, [2020]  |z 9788413251158 
830 0 |a Cuadernos Deusto de derechos humanos ;  |v núm. 95. 
856 4 0 |3 Digitalia Hispánica  |u https://www.digitaliapublishing.com/a/163561/ 
910 |a Premium collection: 2024